Za nami Moskva

Bibliographic Details
Main Author: Bek, Aleksandr Al'fredovič, 1903-1972 (Author)
Other Authors: Mareš, Jan, 1914-1986 (Translator), Oktavec, František, 1917-2009 (Translator), Plátek, Václav, 1917-1994 (Illustrator), Tučný, Peter (Bookjacket designer)
Format: Book
Language:Slovak
Russian
Published: Praha Naše vojsko 1948
Edition:2. vyd.
Series:Knižnica vojaka
Subjects:

MARC

LEADER 00000cam a2200000 a 4500
001 vtls008363955
003 SK-MaSNL
005 20260302053042.0
008 250312s1948 xo 000 f slo
015 |a SNBA19451955-000639 
035 |a SK01SNKBKSFS20020056172 
035 |a urn:nbn:sk:snk-am3i0e2 
035 |a 880E0435-406E-4708-9447-F6AA43EEB680 
035 |a urn:nbn:sk:snk-am00dfdo 
035 |a SKM000058635 
040 |a SNK  |b slo  |c SNK  |e AACR2 
041 1 |a slo  |h rus 
044 |a xr  |c CZ 
080 |a 882-94  |2 1981 
080 |a 947  |2 1981 
100 1 |a Bek, Aleksandr Al'fredovič,  |d 1903-1972  |4 aut  |9 150585 
240 1 0 |a Volokolamskoje šosse  |l Slovensky 
245 1 0 |a Za nami Moskva  |c Aleksand Bek ; [z ruského originálu Volokalamskoje šosse preložili Ján Mareš a František Oktavec ; kresby Václava Plátka] 
250 |a 2. vyd. 
260 |a Praha  |b Naše vojsko  |c 1948 
300 |a 275, [3] s.  |c V. 8° 
490 1 |a Knižnica vojaka  |v sv. 1 
500 |a Len pre príslušníkov ČsA 
650 0 7 |a druhá svetová vojna (1939-1945)  |2 SNKPH  |9 169657 
650 0 7 |a bitka o Moskvu (1942-1942 : Moskva, Rusko)  |2 SNKPH  |9 88280 
651 7 |a Sovietsky zväz  |2 SNKPHgeo  |9 22126 
655 7 |a ruské romány  |2 SNKPH  |9 70514 
655 7 |a vojnové romány  |2 SNKPH  |9 70572 
655 7 |a literatúra faktu  |2 SNKPH  |9 70526 
700 1 |a Mareš, Jan,  |d 1914-1986  |4 trl  |9 125583 
700 1 |a Oktavec, František,  |d 1917-2009  |4 trl  |9 37378 
700 1 |a Plátek, Václav,  |d 1917-1994  |4 ill  |9 134817 
700 1 |a Tučný, Peter  |4 bjd  |4 bkd  |9 347227 
830 0 |a Knižnica vojaka  |9 346248 
852 |a Slovenská národná knižnica 
954 |a beletria cudzojazyčná (svetová)  |2 lita 
958 |a RK 
958 |a TL 
958 |a LX 
958 |a UP 
958 |a RU 
958 |a OND 
999 |c 1107828  |d 1109758 
952 |a SNK  |b SNK  |y PREZ  |7 0  |p 17A0745599  |o snkSC 3901/1  |i snk5033/48  |0 0  |1 0  |4 0  |d 1996-05-02  |f 1  |l 0  |r 2025-06-25 00:00:00  |w 2026-02-24 
952 |a SNK  |b SNK  |y PREZ  |7 0  |p 17A1020032  |o snkSC 3901/1 D1  |i snkD 277/63  |8 1  |0 0  |1 0  |4 0  |d 1996-05-02  |l 0  |r 2005-01-01 00:00:00  |w 2026-02-24